|
|
|
|
| LEADER |
00000cam a2200000 a 4500 |
| 001 |
vtls009602746 |
| 003 |
SK-MaSNL |
| 005 |
20260301171411.0 |
| 008 |
240314s2001 sp grf 000 0 spa |
| 015 |
|
|
|a SNBZSA2011-00061
|
| 020 |
|
|
|a 8493184438
|q (brož.)
|c 90.00 SK
|
| 035 |
|
|
|a TNKK084059
|
| 040 |
|
|
|a SNK
|b slo
|c SNK
|e AACR2
|
| 041 |
0 |
|
|a spa
|
| 044 |
|
|
|a sp
|c ES
|
| 072 |
|
7 |
|a 811.162.4
|x Slovenčina
|2 konspekt
|
| 080 |
|
|
|a 811.162.4
|x (035)
|2 2001
|
| 100 |
1 |
|
|a Alvarado, Salustio
|4 aut
|9 326927
|
| 245 |
1 |
0 |
|a Esquemas de eslovaco
|c Salustio Alvarado, Renáta Bojničanová
|
| 260 |
|
|
|a Madrid
|b Centro de Lingüística Aplicada Atenea
|c 2001
|
| 300 |
|
|
|a 64 s.
|c 18 cm
|
| 650 |
0 |
7 |
|a slovenčina
|2 snkph
|9 1350
|
| 655 |
|
7 |
|a prehľady
|2 snkph
|9 70194
|
| 655 |
|
7 |
|a príručky
|2 snkph
|9 74364
|
| 700 |
1 |
|
|a Bojničanová, Renáta
|4 aut
|9 270143
|
| 919 |
|
|
|a 84-931844-3-8
|
| 958 |
|
|
|a ZS
|
| 958 |
|
|
|a ES
|
| 999 |
|
|
|c 830713
|d 832643
|
| 952 |
|
|
|a SNK
|b SNK
|y PREZ
|7 0
|p 17A0645899
|o snkSD 78896
|i snk2010/3118
|8 4
|g 16.86
|0 0
|1 0
|4 0
|d 2010-02-01
|l 0
|r 2025-11-26 00:00:00
|w 2026-02-24
|
| 952 |
|
|
|a SNK
|b SNK
|y VYP
|7 0
|p 17A0645898
|o snkSD 78896 D1
|i snk2010/3120
|8 4
|g 16.86
|0 0
|1 0
|4 0
|d 2010-02-01
|l 0
|r 2017-06-30 00:00:00
|w 2026-02-24
|